00527nam a2200181 a 45000010010000000030011000100080041000210350026000620820016000881000021001042450024001252600042001496500017001919420012002089520090002209980020003109990015003300000-9034ELIB.Books110520 1963  a(ELIB.Books)0000-9183 a225.7 bFou aFoulkes, Francis aTyndale (Ephesians) bLeicester: Inter-Varsity Press c1963 aCommentaries 2ddccBK 00102ddc4070aKBTSbKBTSd2011-05-20l0p8550r2022-01-22 00:00:00w2022-01-22yBK cbate2011-05-20 c9034d9034